2017 Full Time NASCAR Drivers, Number, and Car Manufacture - Statistics

General Stats
  • This quiz has been taken 196 times
  • The average score is 24 of 30
Answer Stats
Clue Answer Answer % Correct
#48 Jimmie Johnson Chevrolet
94%
#41 Kurt Busch Ford
93%
#18 Kyle Busch Toyota
93%
#11 Denny Hamlin Toyota
91%
#4 Kevin Harvick Ford
91%
#3 Austin Dillon Chevrolet
90%
#42 Kyle Larson Chevrolet
90%
#78 Martin Truex Jr Toyota
90%
#13 Ty Dillon Chevrolet
90%
#20 Matt Kenseth Toyota
89%
#22 Joey Logano Ford
88%
#2 Brad Keselowski Ford
87%
#17 Ricky Stenhouse Jr Ford
85%
#88 Dale Earnhardt Jr Chevrolet
84%
#24 Chase Elliott Chevrolet
83%
#10 Danica Patrick Ford
83%
#14 Clint Bowyer Ford
82%
#5 Kasey Kahne Chevrolet
81%
#33 Jeffery Earnhardt Chevrolet
80%
#21 Ryan Blaney Ford
80%
#77 Erik Jones Toyota
76%
#43 Aric Almirola Ford
75%
#1 Jamie McMurray Chevrolet
74%
#19 Daniel Suarez Toyota
73%
#27 Paul Menard Chevrolet
72%
#6 Trevor Bayne Ford
72%
#37 Chris Buescher Chevrolet
64%
#47 AJ Allmendinger Chevrolet
60%
#38 David Ragan Ford
60%
#34 Landon Cassill Ford
37%
No matching quizzes found
Score Distribution
Percent of People with Each Score
Percentile by Number Answered
Your Score History
You have not taken this quiz